000 00462cam a22001934a 4500
005 20250605164151.0
008 250528s ||||||||||||||||||||||||d
035 _a19375
020 _a9603900850
040 _aGR-AtMCL
_bgre
_dGR-AtMCL
_eAACR2
245 1 _aΜΑΡΚΕΤΙΝΓΚ ΜΑΝΑΤΖΜΕΝΤ
250 _a9
260 _bInterbooks,
_c2000
300 _a781
700 1 _aKotler Philip
_91146
942 _cBK
999 _c4631
_d4631